000 00470nmm a2200169Ia 4500
008 251105s9999||||xx |||||||||||||||||und||
020 _a9788467508727
041 _aspa
100 _aHernández Chambers, Daniel
245 0 _aLa ciudad gris
264 _a[Madrid, España] :
_bGrupo SM,
_c2006
300 _a176 páginas
490 _aGran angular
650 _aTeen & Young Adult Fiction
856 _uhttps://public.digitaliapublishing.com/a/86103
942 _cCF
999 _c83742
_d83742